000 00650nam a2200253Ia 4500
003 OSt
005 20221005091227.0
006 a|||||r|||| 00| 0
007 ta
008 221004b |||||||| |||| 00| 0 eng d
020 _a0198280335
024 _a28979
037 _cTextual
040 _aCRL
_cCRL
_beng
041 _2eng
_aeng
082 _aX.42, N7.1
100 _aBanno Junji Ed.
_9615948
245 0 _aPolitical economy of Japanese society
260 _aNew York
_bOxford USA
_c1997
300 _a361p.
_ccm.
650 _aECONOMICS
942 _hX.42, N7.1
_cTEXL
_2cc
999 _c996994
_d996994